000 00321nam a2200133 i 4500
001 bg
100 1 _aJezierski, Eugeniusz
_d(1902-1990).
245 0 _aTransformatory /
_cEugeniusz Jezierski.
260 _aWarszawa,
_c1975.
040 _cBPK
041 _apol
942 _cKS
008 s pl f |000 0 pol
999 _c27725
_d27725
856 _uhttp://koha.tu.koszalin.pl/cgi-bin/koha/opac-detail.pl?biblionumber=27725
_yKatalog online BPK